000 00838nam0a2200253 4500
001 RU\NLR\BIBL_A\011926352
005 20250626152244.0
010 _91000
035 _a(NLR Aleph) 011926352
090 _a13421061
_c13421061
100 _a20190201d1992 |||y0rusy50 ca
101 0 _aady
102 _aRU
105 _ac z 000 y
200 1 _aНэфапI
_eусэхэр, гущыIэр
_fКIэсэбэжъ Къэплъан
210 _aМыекъуапэ
_cАдыгэ тхылъ тедзапI
_d1992
215 _a111 с.
_cпортр.
_d16
541 1 _6z01790
_aВремя прозрения
_zrus
700 1 _aКIэсэбэжъ
_bКъ.
_gКъэплъан
_4070
790 1 _6z01541
_aКесебежев
_bК. Г.
_gКаплан Гайсович
_4070
852 _aNLR
_bОНЛ
_jАдыг./2-898
942 _cBOOK
980 _aNB